000
00283nam a2200109Ia 4500
008
230907s9999||||xx |||||||||||||| ||und||
082
_a
320.6
_b
INT
245
0
_a
International e-government development :
260
_a
Palgrave,
_b
Switzerland :
_c
2018
300
_a
320 p.
942
_c
BK
999
_c
599383
_d
599383